[Event "BL 1516 Schachfr. Berlin - Hansa Dortmu"]
[Site "?"]
[Date "2016.02.20"]
[Round "8.2"]
[White "Schneider, Ilja"]
[Black "Heberla, Bartlomiej"]
[Result "1/2-1/2"]
[WhiteElo "2489"]
[BlackElo "2531"]
[PlyCount "97"]
[EventDate "2016.??.??"]

1. d4 e6 2. e4 d5 3. Nc3 Nf6 4. e5 Nfd7 5. Nf3 c5 6. dxc5 Nc6 7. Bf4 Be7 8. Bd3
Nxc5 9. O-O Bd7 10. a3 g5 11. Bg3 h5 12. h3 Qb6 13. Be2 O-O-O 14. b4 Ne4 15.
Nxe4 dxe4 16. Nd2 h4 17. Bh2 Be8 18. Qe1 Qc7 19. Nxe4 Nxe5 20. Bd3 f6 21. Nxg5
Rg8 22. Bxe5 fxe5 23. Ne4 Bg6 24. Qe3 Bf5 25. Rae1 Kb8 26. Nc5 Bxc5 27. bxc5
Rd5 28. Qf3 Bxd3 29. cxd3 Rxc5 30. Re4 Rc1 31. Rxc1 Qxc1+ 32. Kh2 Qxa3 33. Qf7
Rd8 34. Rxh4 Qxd3 35. Rh7 Qd5 36. Qc7+ Ka8 37. Rh5 Qd4 38. Qxe5 Qxe5+ 39. Rxe5
Rb8 40. g4 b5 41. g5 b4 42. g6 b3 43. g7 b2 44. Re1 Rg8 45. Rb1 Kb7 46. Rxb2+
Kc6 47. Rc2+ Kd6 48. Rd2+ Kc6 49. Rc2+ 1/2-1/2

[Event "BL 1516 Schachfr. Berlin - Hansa Dortmu"]
[Site "?"]
[Date "2016.02.20"]
[Round "8.3"]
[White "Mons, Léon"]
[Black "Mista, Aleksander"]
[Result "0-1"]
[WhiteElo "2458"]
[BlackElo "2580"]
[PlyCount "76"]
[EventDate "2016.??.??"]

1. e4 e5 2. Bc4 Nf6 3. d3 Nc6 4. Nc3 Na5 5. Qf3 c6 6. Nge2 b5 7. Bb3 d5 8. exd5
Nxb3 9. axb3 b4 10. Ne4 Nxd5 11. N2g3 Qd7 12. Nd2 g6 13. Nc4 Bg7 14. Ne4 O-O
15. Ned6 f5 16. O-O Qe7 17. Nxc8 Raxc8 18. Be3 Rc7 19. Ra5 e4 20. dxe4 fxe4 21.
Qg3 Nxe3 22. fxe3 Rxf1+ 23. Kxf1 Bxb2 24. Nxb2 Qf6+ 25. Qf4 Qd8 26. Ke2 Rf7 27.
Qg5 Qf8 28. Nd1 Rd7 29. Qc5 Qd8 30. Qc4+ Kg7 31. Qxb4 Rxd1 32. Qc3+ Kh6 33.
Rxa7 Qd5 34. Ra5 Qd7 35. h3 Rb1 36. Kf2 Qf7+ 37. Kg3 Rg1 38. Kh2 Qf2 0-1

[Event "BL 1516 Schachfr. Berlin - Hansa Dortmu"]
[Site "?"]
[Date "2016.02.20"]
[Round "8.4"]
[White "Piorun, Kacper"]
[Black "Pap, Misa"]
[Result "1-0"]
[WhiteElo "2651"]
[BlackElo "2483"]
[PlyCount "85"]
[EventDate "2016.??.??"]

1. c4 c5 2. Nf3 g6 3. e4 Bg7 4. d4 Nc6 5. d5 Nd4 6. Nc3 d6 7. Nxd4 cxd4 8. Nb5
Bd7 9. Nxd4 Nf6 10. f3 Qb6 11. Nc2 O-O 12. Be3 Qc7 13. Qd2 e5 14. dxe6 fxe6 15.
Be2 d5 16. exd5 exd5 17. c5 Rae8 18. O-O-O Rxe3 19. Qxe3 Re8 20. Qd2 Qxc5 21.
Bd3 d4 22. Qb4 Qxb4 23. Nxb4 Rc8+ 24. Kb1 Be6 25. Rhe1 Bf7 26. Nc2 Nd5 27. Be4
Nf4 28. g3 Nh3 29. Nxd4 Nf2 30. Rd2 Nxe4 31. Rxe4 Bd5 32. Re3 Bf7 33. f4 a6 34.
Ne6 Bf6 35. Ng5 Bxg5 36. fxg5 Rc7 37. b3 Kf8 38. Kb2 Kg7 39. Rc3 Re7 40. Rdc2
Bd5 41. Rc7 Kf7 42. Rxe7+ Kxe7 43. Rc7+ 1-0

[Event "BL 1516 Schachfr. Berlin - Hansa Dortmu"]
[Site "?"]
[Date "2016.02.20"]
[Round "8.5"]
[White "Wegener, Olaf"]
[Black "Jakubowski, Krzysztof"]
[Result "0-1"]
[WhiteElo "2440"]
[BlackElo "2567"]
[PlyCount "154"]
[EventDate "2016.??.??"]

1. e4 c5 2. Nf3 e6 3. d4 cxd4 4. Nxd4 Nc6 5. Nc3 Qc7 6. Be3 a6 7. Qd2 Nf6 8.
O-O-O Bb4 9. f3 b5 10. Bf4 Ne5 11. Nc6 Qxc6 12. Bxe5 Be7 13. g4 Bb7 14. Bg2 Rd8
15. Rhe1 d6 16. Bg3 O-O 17. Kb1 Rfe8 18. Ne2 e5 19. g5 Nh5 20. Nc3 Qc8 21. Qc1
Qe6 22. Nd5 Bxd5 23. Rxd5 Qg6 24. f4 f6 25. gxf6 Bxf6 26. f5 Qg4 27. Qd1 Qg5
28. Bf3 Nxg3 29. Rg1 Qe3 30. Rxg3 Qb6 31. Bh5 Re7 32. Rgd3 Red7 33. Qe2 Rc7 34.
Qe3 Qxe3 35. Rxe3 Kf8 36. a3 Bg5 37. Red3 Ke7 38. c3 Rc4 39. Bf3 g6 40. b3 Rc6
41. Kb2 Rf8 42. Bg4 Rg8 43. b4 gxf5 44. exf5 Bc1+ 45. Kxc1 Rxg4 46. Rh3 Kf6 47.
Kc2 Rd4 48. Rc5 dxc5 49. Rh6+ Kxf5 50. Rxc6 Rh4 51. bxc5 Rxh2+ 52. Kd1 Rh3 53.
Kd2 Rh2+ 54. Ke3 Rh4 55. Rxa6 Rc4 56. Kd3 h5 57. Ra5 e4+ 58. Ke3 Rxc3+ 59. Kf2
Kf4 60. Rxb5 e3+ 61. Ke2 Rc2+ 62. Kd1 Rc3 63. c6 h4 64. Rh5 Kg3 65. Rg5+ Kf3
66. Rf5+ Kg4 67. Rf6 h3 68. Ke2 h2 69. Rh6 Rxc6 70. Rxc6 h1=Q 71. Rc4+ Kf5 72.
Kxe3 Ke5 73. Rc5+ Kd6 74. Rc3 Kd5 75. Kd2 Qb1 76. Ke3 Qe1+ 77. Kd3 Qd1+ 0-1

[Event "BL 1516 Schachfr. Berlin - Hansa Dortmu"]
[Site "?"]
[Date "2016.02.20"]
[Round "8.6"]
[White "Dvirnyy, Daniyyl"]
[Black "Mainka, Romuald"]
[Result "1-0"]
[WhiteElo "2571"]
[BlackElo "2416"]
[PlyCount "53"]
[EventDate "2016.??.??"]

1. d4 Nf6 2. c4 e6 3. Nc3 Bb4 4. Qc2 O-O 5. Nf3 c5 6. dxc5 Na6 7. g3 Nxc5 8.
Bg2 Nce4 9. O-O Nxc3 10. bxc3 Be7 11. e4 d6 12. e5 dxe5 13. Nxe5 Qc7 14. Qe2
Nd7 15. Bf4 Nxe5 16. Bxe5 Bd6 17. Rfe1 Bxe5 18. Qxe5 Qxc4 19. Red1 Qa4 20. Rd4
Qa3 21. Rad1 Qxc3 22. h4 Qa3 23. Qc7 e5 24. R1d3 Qxa2 25. Rd8 Bd7 26. Rxa8 Rxa8
27. Rxd7 1-0

[Event "BL 1516 Schachfr. Berlin - Hansa Dortmu"]
[Site "?"]
[Date "2016.02.20"]
[Round "8.7"]
[White "Karger, Frank"]
[Black "Baldauf, Marco"]
[Result "0-1"]
[WhiteElo "2282"]
[BlackElo "2410"]
[PlyCount "80"]
[EventDate "2016.??.??"]

1. d4 Nf6 2. c4 g6 3. f3 Bg7 4. e4 d6 5. Nc3 O-O 6. Nge2 c5 7. Be3 Nc6 8. d5
Ne5 9. Ng3 e6 10. Be2 exd5 11. cxd5 a6 12. a4 Bd7 13. O-O b5 14. axb5 axb5 15.
Rxa8 Qxa8 16. Nxb5 Bxb5 17. Bxb5 Rb8 18. Be2 Rxb2 19. f4 Ned7 20. Bf3 Qb8 21.
Qa4 h5 22. Re1 Rb1 23. Rxb1 Qxb1+ 24. Nf1 Nb6 25. Qa6 Nfd7 26. e5 dxe5 27. fxe5
Bxe5 28. Be2 Qb3 29. Bf3 c4 30. Qb7 c3 31. Be4 Qc4 32. d6 Bxd6 33. Bc6 Bc5 34.
Bxd7 Bxe3+ 35. Nxe3 Qd4 36. Kf2 Nxd7 37. Qc8+ Kg7 38. Ke2 Qd2+ 39. Kf3 Ne5+ 40.
Ke4 Qd3+ 0-1

[Event "BL 1516 Schachfr. Berlin - Hansa Dortmu"]
[Site "?"]
[Date "2016.02.20"]
[Round "8.8"]
[White "Thiede, Lars"]
[Black "Schroeder, Kevin"]
[Result "0-1"]
[WhiteElo "2423"]
[BlackElo "2276"]
[PlyCount "116"]
[EventDate "2016.??.??"]

1. g3 Nf6 2. Bg2 d5 3. Nf3 g6 4. O-O Bg7 5. d3 O-O 6. Nbd2 c5 7. e4 Nc6 8. Re1
b6 9. h3 Bb7 10. e5 Ne8 11. c3 Rc8 12. Nf1 Nc7 13. N1h2 d4 14. c4 f5 15. exf6
exf6 16. h4 Qd7 17. Bf4 Rfe8 18. Qd2 Ne6 19. Bh6 Bxh6 20. Qxh6 Nf8 21. Qf4 f5
22. a3 Ne6 23. Qd2 Na5 24. Ne5 Qc7 25. Bxb7 Qxb7 26. Qd1 Ng7 27. b4 Nc6 28. Qf3
Re6 29. b5 Qe7 30. bxc6 Rxe5 31. Rxe5 Qxe5 32. Qd5+ Qxd5 33. cxd5 Kf7 34. Re1
Re8 35. Kf1 Rxe1+ 36. Kxe1 Ke7 37. Nf3 Ne8 38. Ng5 h6 39. Ne6 Kd6 40. Nf4 Nc7
41. Kd2 g5 42. hxg5 hxg5 43. Nh3 Nxd5 44. Nxg5 Kxc6 45. Nf3 Kd6 46. Kc2 b5 47.
Kb3 Nc3 48. Nh4 Nd1 49. Nxf5+ Ke5 50. Ne7 Nxf2 51. Nc6+ Kd5 52. Nxa7 c4+ 53.
Kc2 cxd3+ 54. Kd2 Kc4 55. Ke1 Ne4 56. g4 d2+ 57. Ke2 d3+ 58. Kd1 Kd4 0-1

[Event "BL 1516 Hamburger SK - Werder Bremen"]
[Site "?"]
[Date "2016.02.20"]
[Round "8.1"]
[White "Efimenko, Zahar"]
[Black "Kempinski, Robert"]
[Result "0-1"]
[WhiteElo "2663"]
[BlackElo "2620"]
[PlyCount "58"]
[EventDate "2016.??.??"]

1. e4 c5 2. Nf3 d6 3. d4 cxd4 4. Nxd4 Nf6 5. Nc3 a6 6. Be2 e6 7. a4 Nc6 8. Nxc6
bxc6 9. Qd3 d5 10. O-O Qc7 11. a5 Bb4 12. Bg5 Rb8 13. Bxf6 gxf6 14. Rfe1 Bd6
15. Bh5 Bxh2+ 16. Kh1 Be5 17. exd5 cxd5 18. Nxd5 exd5 19. f4 Rb4 20. Qg3 Qc4
21. Qg7 Qxf4 22. Bxf7+ Ke7 23. Bg8+ Kd6 24. Qf8+ Kc7 25. Qc5+ Kd7 26. Rxe5 fxe5
27. Qxd5+ Ke8 28. Be6 Qh6+ 29. Bh3 Qxh3+ 0-1

[Event "BL 1516 Hamburger SK - Werder Bremen"]
[Site "?"]
[Date "2016.02.20"]
[Round "8.2"]
[White "Ernst, Sipke"]
[Black "Bluebaum, Matthias"]
[Result "0-1"]
[WhiteElo "2523"]
[BlackElo "2599"]
[PlyCount "62"]
[EventDate "2016.??.??"]

1. c4 e6 2. Nf3 d5 3. d4 Nf6 4. g3 Bb4+ 5. Bd2 Be7 6. Bg2 O-O 7. O-O c6 8. Qc2
Nbd7 9. Rd1 b6 10. Bf4 Bb7 11. Ne5 Nh5 12. Bc1 Nhf6 13. Bf4 Nh5 14. Bc1 Nhf6
15. Nc3 Nxe5 16. dxe5 Ng4 17. Bf4 g5 18. Bf3 Nxf2 19. Kxf2 gxf4 20. gxf4 Bc5+
21. Kg2 Qh4 22. cxd5 cxd5 23. e4 d4 24. Na4 Qxf4 25. Nxc5 bxc5 26. b4 Kh8 27.
Qe2 f5 28. exf6 Rxf6 29. Rf1 c4 30. Kh1 Qe5 31. Bg2 Rh6 0-1

[Event "BL 1516 Hamburger SK - Werder Bremen"]
[Site "?"]
[Date "2016.02.20"]
[Round "8.3"]
[White "Hracek, Zbynek"]
[Black "Ftacnik, Lubomir"]
[Result "1-0"]
[WhiteElo "2599"]
[BlackElo "2559"]
[PlyCount "97"]
[EventDate "2016.??.??"]

1. Nf3 Nf6 2. c4 c5 3. d4 cxd4 4. Nxd4 b6 5. Nc3 Bb7 6. f3 d6 7. e4 e6 8. Be3
Be7 9. Be2 O-O 10. Qd2 a6 11. O-O Qc7 12. Rfc1 Rc8 13. Bf1 Qd8 14. Na4 Nbd7 15.
b4 Rab8 16. Rab1 Ba8 17. a3 g6 18. Nb2 Qe8 19. Nb3 Rd8 20. Qf2 Qf8 21. Na4 b5
22. Nc3 g5 23. Bxg5 Qg7 24. Bd2 bxc4 25. Bxc4 d5 26. exd5 Ne5 27. Bxa6 Nxd5 28.
Be2 Nb6 29. Bf4 Bd6 30. Qg3 Nbc4 31. Bxc4 Nxc4 32. Bxd6 Rxd6 33. Nb5 Qxg3 34.
hxg3 Rxb5 35. Rxc4 Ra6 36. Ra1 Bd5 37. Rc5 Rb8 38. Na5 h5 39. Rac1 Raa8 40.
R1c3 Kg7 41. Nc4 f5 42. Ne5 Rb7 43. Rc7+ Rxc7 44. Rxc7+ Kh6 45. Rc3 Ra7 46. Kf2
Kg5 47. Nd3 h4 48. f4+ Kh5 49. gxh4 1-0

[Event "BL 1516 Hamburger SK - Werder Bremen"]
[Site "?"]
[Date "2016.02.20"]
[Round "8.4"]
[White "Lampert, Jonas"]
[Black "Nyback, Tomi"]
[Result "1/2-1/2"]
[WhiteElo "2470"]
[BlackElo "2575"]
[PlyCount "47"]
[EventDate "2016.??.??"]

1. d4 d5 2. c4 c6 3. Nf3 Nf6 4. e3 Bf5 5. Nc3 e6 6. Bd3 Bxd3 7. Qxd3 Bb4 8. O-O
O-O 9. Bd2 a5 10. a3 Bxc3 11. Bxc3 Ne4 12. Nd2 Nxd2 13. Bxd2 Nd7 14. e4 Nb6 15.
exd5 exd5 16. c5 Nc4 17. b3 Nxd2 18. Qxd2 b5 19. Rfe1 a4 20. b4 Qd7 21. Re3
Rfe8 22. Rae1 Rxe3 23. Qxe3 Kf8 24. f3 1/2-1/2

[Event "BL 1516 Hamburger SK - Werder Bremen"]
[Site "?"]
[Date "2016.02.20"]
[Round "8.5"]
[White "Babula, Vlastimil"]
[Black "Rogozenco, Dorian"]
[Result "1-0"]
[WhiteElo "2559"]
[BlackElo "2513"]
[PlyCount "111"]
[EventDate "2016.??.??"]

1. d4 Nf6 2. c4 g6 3. Nc3 Bg7 4. e4 d6 5. Nf3 O-O 6. Be2 e5 7. O-O Nc6 8. d5
Ne7 9. b4 Nh5 10. g3 f5 11. Ng5 Nf6 12. Bf3 c6 13. Bg2 h6 14. Ne6 Bxe6 15. dxe6
a6 16. a4 fxe4 17. Ba3 Nf5 18. b5 axb5 19. axb5 Nd4 20. Nxe4 Nxe4 21. Bxe4 Rf6
22. Bb2 Rxa1 23. Bxa1 Rxe6 24. bxc6 bxc6 25. Bxd4 exd4 26. Bxc6 Kh7 27. Bd5 Re7
28. Qd3 Qe8 29. Kg2 Ra7 30. Rb1 Ra2 31. c5 Ra5 32. Rb6 Rxc5 33. Rxd6 Rc3 34.
Qe4 Qxe4+ 35. Bxe4 Rc8 36. Bxg6+ Kg8 37. h4 Rb8 38. Kh3 Kf8 39. Rd7 Rb6 40. Bf5
Bf6 41. Kg4 Rb2 42. f4 Rb5 43. Bg6 Bg7 44. f5 Rb6 45. Kh5 Ra6 46. g4 Rb6 47. g5
hxg5 48. hxg5 d3 49. Rxd3 Ba1 50. Rd7 Rb1 51. Bf7 Rb6 52. Bg6 Be5 53. f6 Rb8
54. Kh6 Kg8 55. Rg7+ Kf8 56. Kh7 1-0

[Event "BL 1516 Hamburger SK - Werder Bremen"]
[Site "?"]
[Date "2016.02.20"]
[Round "8.7"]
[White "Meins, Gerlef"]
[Black "Carlstedt, Jonathan"]
[Result "1/2-1/2"]
[WhiteElo "2417"]
[BlackElo "2453"]
[PlyCount "139"]
[EventDate "2016.??.??"]

1. d4 Nf6 2. c4 e6 3. Nc3 Bb4 4. e3 O-O 5. Nge2 d5 6. a3 Bd6 7. Ng3 b6 8. Bd3
dxc4 9. Bxc4 Bb7 10. O-O c5 11. dxc5 Bxc5 12. b4 Qxd1 13. Rxd1 Be7 14. Bb2 Nbd7
15. Nb5 Rfc8 16. Rac1 a5 17. Nd6 Bxd6 18. Rxd6 axb4 19. axb4 Ra4 20. Bb5 Rxc1+
21. Bxc1 Ra1 22. Ne2 Ba6 23. Bxa6 Rxa6 24. Bb2 Kf8 25. Nc3 Ke7 26. b5 Ra1+ 27.
Bxa1 Kxd6 28. Na4 e5 29. f4 exf4 30. Bd4 Nd5 31. exf4 Nxf4 32. Bxb6 Nxb6 33.
Nxb6 Ne2+ 34. Kf2 Nd4 35. Nc4+ Kd5 36. Ne3+ Kc5 37. Kg3 Nxb5 38. Kf4 Nd6 39. h4
Kc6 40. g4 Kd7 41. Ke5 f6+ 42. Kd5 Nc8 43. Nc2 Ne7+ 44. Ke4 Nc6 45. Ne3 Ke6 46.
h5 Ne7 47. Kf4 Nc8 48. Nf5 Kf7 49. Ke4 Kf8 50. Kf4 Kg8 51. Ke4 Kf7 52. Kf4 g6
53. hxg6+ hxg6 54. Ne3 g5+ 55. Ke4 Ke6 56. Kd4 Nd6 57. Nc2 Nf7 58. Ke4 Nh6 59.
Ne3 Kd7 60. Nd5 Ke6 61. Ne3 Ke7 62. Kd5 Kd7 63. Kd4 Kd6 64. Ke4 Ke6 65. Kd4 f5
66. gxf5+ Nxf5+ 67. Ke4 Nxe3 68. Kxe3 Ke5 69. Kf3 g4+ 70. Kxg4 1/2-1/2

[Event "BL 1516 Hamburger SK - Werder Bremen"]
[Site "?"]
[Date "2016.02.20"]
[Round "8.8"]
[White "Heinemann, Thies"]
[Black "Koop, Thorben"]
[Result "1-0"]
[WhiteElo "2458"]
[BlackElo "2413"]
[PlyCount "171"]
[EventDate "2016.??.??"]

1. e4 c5 2. Nf3 Nc6 3. Bb5 d6 4. Bxc6+ bxc6 5. O-O e5 6. c3 Nf6 7. Re1 Be7 8.
d4 Qc7 9. dxe5 dxe5 10. Qa4 Nd7 11. Na3 O-O 12. Nc4 a5 13. Bd2 f6 14. Rad1 Kh8
15. Bc1 Nb6 16. Nxb6 Qxb6 17. c4 Bg4 18. Re3 Rfd8 19. h3 Be6 20. Rxd8+ Rxd8 21.
Qc2 Qa6 22. Rc3 Kg8 23. Be3 a4 24. Nd2 Rb8 25. Ra3 Rb4 26. b3 axb3 27. Qxb3 Qb7
28. Qd3 Qc7 29. Ra8+ Kf7 30. Qc3 Rb7 31. Qa3 Qb6 32. Qa4 Rc7 33. Nb3 Qb4 34.
Bd2 Qxa4 35. Rxa4 Rb7 36. Be3 Kg6 37. Kh2 Rb4 38. Ra7 Bf8 39. Ra8 Bd6 40. Nd2
Rb2 41. Ra6 Bd7 42. g4 Kf7 43. Ra7 Ke6 44. Kg3 g6 45. Nb3 Rc2 46. Ra4 Rc3 47.
Kf3 f5 48. exf5+ gxf5 49. gxf5+ Kxf5 50. Nd2 Be8 51. Ra7 e4+ 52. Kg2 Bg6 53.
Ra5 Rc2 54. a4 Ke6 55. Ra8 Be5 56. Nb3 Rxc4 57. Nxc5+ Kf7 58. Ra7+ Kg8 59. Nd7
Bg7 60. a5 h5 61. Kg3 Bf5 62. h4 Ra4 63. Nc5 Be5+ 64. Kg2 Rb4 65. Nd7 Bxd7 66.
Rxd7 Ra4 67. Bb6 c5 68. Rd5 Bd4 69. Bxc5 Bxc5 70. Rxc5 Ra2 71. Kg3 Kg7 72. Rxh5
Kf6 73. Rb5 Ra3+ 74. Kf4 Rf3+ 75. Kxe4 Rxf2 76. h5 Kg7 77. a6 Ra2 78. Rb6 Rd2
79. Rc6 Kh7 80. a7 Ra2 81. Rc7+ Kh6 82. Kd5 Kxh5 83. Kc6 Kg6 84. Kb7 Rb2+ 85.
Kc8 Ra2 86. Kb8 1-0

[Event "BL 1516 SK Norderstedt - Turm Emsdetten"]
[Site "?"]
[Date "2016.02.20"]
[Round "8.1"]
[White "Grandelius, Nils"]
[Black "Trent, Lawrence"]
[Result "1-0"]
[WhiteElo "2637"]
[BlackElo "2455"]
[PlyCount "123"]
[EventDate "2016.??.??"]

1. e4 e5 2. Nf3 Nc6 3. Bb5 a6 4. Ba4 Nf6 5. O-O Bc5 6. c3 b5 7. Bc2 d5 8. d4
dxe4 9. Nbd2 exf3 10. Qxf3 Be7 11. Qxc6+ Bd7 12. Qf3 exd4 13. Ne4 O-O 14. Rd1
c5 15. cxd4 c4 16. Bg5 Nd5 17. Nc5 Bxg5 18. Qxd5 Bg4 19. Qe4 f5 20. Qe6+ Kh8
21. f3 Re8 22. Qc6 Rc8 23. Qb7 Rc7 24. Qxa6 Re2 25. fxg4 Rxc2 26. Re1 g6 27.
Kh1 Qd5 28. Re8+ Kg7 29. Rg1 Rxc5 30. dxc5 Rxg2 31. Qd6 Qxd6 32. cxd6 Rd2 33.
gxf5 Bf4 34. Rg4 g5 35. h4 h6 36. hxg5 hxg5 37. Rb8 Rd5 38. Rb6 Kf6 39. d7+ Ke7
40. Rb7 Rxf5 41. Rg1 Rd5 42. Re1+ Be5 43. Re4 Kd8 44. Kg2 Rc5 45. Kf3 Rd5 46.
Kg4 Rc5 47. Re1 Rd5 48. Rf1 Rxd7 49. Rxb5 Bf4 50. Rh1 Rd2 51. Rh7 c3 52. bxc3
Rxa2 53. Rbb7 Kc8 54. Rbg7 Rd2 55. Rh8+ Rd8 56. Rxd8+ Kxd8 57. Kf5 Kc8 58. c4
Be3 59. Ke6 Kd8 60. Kd5 Bf4 61. c5 Kc8 62. Kc6 1-0

[Event "BL 1516 SK Norderstedt - Turm Emsdetten"]
[Site "?"]
[Date "2016.02.20"]
[Round "8.2"]
[White "Kopylov, Michael"]
[Black "Yilmaz, Mustafa"]
[Result "0-1"]
[WhiteElo "2407"]
[BlackElo "2592"]
[PlyCount "76"]
[EventDate "2016.??.??"]

1. d4 Nf6 2. c4 c5 3. d5 e6 4. Nc3 exd5 5. cxd5 d6 6. Nf3 g6 7. Nd2 Bg7 8. Nc4
O-O 9. Bf4 Ne8 10. Qd2 b6 11. a4 Na6 12. e3 Nb4 13. Be2 Bb7 14. O-O Rb8 15. e4
a6 16. e5 dxe5 17. Nxe5 Nc7 18. Bc4 b5 19. axb5 axb5 20. Nxf7 Rxf7 21. d6 Nca6
22. Bxf7+ Kxf7 23. Rfe1 Bc6 24. Re7+ Kg8 25. Bg5 Qf8 26. Ra7 Bd4 27. d7 Qf5 28.
d8=Q+ Rxd8 29. Bxd8 Nd3 30. Bh4 Qg4 31. Bg3 Nxf2 32. Qh6 Nd1+ 33. Kf1 Ne3+ 34.
Qxe3 Bxe3 35. R1xa6 Qc4+ 36. Ke1 Bxg2 37. Rf6 Qd3 38. Rf2 Bd2+ 0-1

[Event "BL 1516 SK Norderstedt - Turm Emsdetten"]
[Site "?"]
[Date "2016.02.20"]
[Round "8.3"]
[White "Van Foreest, Jorden"]
[Black "Krause, Benedict"]
[Result "1-0"]
[WhiteElo "2558"]
[BlackElo "2310"]
[PlyCount "81"]
[EventDate "2016.??.??"]

1. e4 c6 2. d4 d5 3. e5 Bf5 4. Nf3 e6 5. Be2 Nd7 6. O-O Bg6 7. Nbd2 Nh6 8. c3
Nf5 9. g4 Nh4 10. Nxh4 Qxh4 11. f4 h5 12. g5 Be7 13. Rf3 Qg4+ 14. Rg3 Qxf4 15.
Nf3 Qe4 16. Ne1 h4 17. Rg4 Qf5 18. Bd3 Bh5 19. Bxf5 exf5 20. Rxh4 Bxd1 21.
Rxh8+ Nf8 22. b3 g6 23. Bf4 Bh5 24. e6 f6 25. c4 O-O-O 26. cxd5 Nxe6 27. Rxd8+
Nxd8 28. d6 Bf8 29. gxf6 Nf7 30. Nd3 g5 31. Re1 Nxd6 32. Bxg5 Ne4 33. h4 Kd7
34. Kg2 Kd6 35. Nc5 Kd5 36. Rf1 Bg4 37. Nd7 Bd6 38. f7 f4 39. f8=Q Bxf8 40.
Nxf8 f3+ 41. Rxf3 1-0

[Event "BL 1516 SK Norderstedt - Turm Emsdetten"]
[Site "?"]
[Date "2016.02.20"]
[Round "8.4"]
[White "Powierski, Emil"]
[Black "Burg, Twan"]
[Result "0-1"]
[WhiteElo "2305"]
[BlackElo "2497"]
[PlyCount "70"]
[EventDate "2016.??.??"]

1. e4 c5 2. Nf3 d6 3. d4 cxd4 4. Nxd4 Nf6 5. Nc3 a6 6. Be3 e5 7. Nb3 Be7 8. f3
Be6 9. Qd2 O-O 10. O-O-O a5 11. Qe1 Qc8 12. a4 Na6 13. Kb1 Nb4 14. g4 d5 15. g5
Ne8 16. exd5 Bf5 17. Rc1 Nc7 18. Bc4 Rd8 19. Qd2 b5 20. axb5 a4 21. Na1 Ne8 22.
Bd3 Nd6 23. Qe2 Nxd3 24. cxd3 Qc4 25. Ne4 Qxb5 26. Rc5 Qb7 27. Rc6 Nb5 28. Rhc1
Rxd5 29. Rb6 Qd7 30. Nc2 a3 31. Nxa3 Nxa3+ 32. bxa3 Rxd3 33. Bc5 Bxc5 34. Rxc5
Rdxa3 35. Qb2 Qd1+ 0-1

[Event "BL 1516 SK Norderstedt - Turm Emsdetten"]
[Site "?"]
[Date "2016.02.20"]
[Round "8.5"]
[White "Janssen, Ruud"]
[Black "Michna, Marta"]
[Result "1-0"]
[WhiteElo "2484"]
[BlackElo "2403"]
[PlyCount "71"]
[EventDate "2016.??.??"]

1. c4 Nf6 2. Nc3 d6 3. d4 Nbd7 4. e4 e5 5. Nf3 c6 6. Be2 Be7 7. O-O O-O 8. Re1
a6 9. d5 cxd5 10. cxd5 b5 11. Bf1 Nb6 12. h3 Bd7 13. Nxe5 dxe5 14. d6 Bc6 15.
dxe7 Qxe7 16. a3 Qb7 17. Qf3 Na4 18. Bg5 Nxc3 19. Bxf6 Nxe4 20. Bxe5 f6 21. Bd4
Nd2 22. Qg4 Nxf1 23. Kxf1 Rad8 24. Rad1 h5 25. Qg3 Rd5 26. Be3 h4 27. Qg4 f5
28. Qg5 f4 29. Rxd5 fxe3 30. Rf5 Bxg2+ 31. Kg1 exf2+ 32. Kxf2 Rxf5+ 33. Qxf5
Bc6 34. Qe6+ Kh7 35. Re5 Qa7+ 36. Ke2 1-0

[Event "BL 1516 SK Norderstedt - Turm Emsdetten"]
[Site "?"]
[Date "2016.02.20"]
[Round "8.6"]
[White "Polischuk, Viktor"]
[Black "Fiebig, Thomas"]
[Result "0-1"]
[WhiteElo "2317"]
[BlackElo "2423"]
[PlyCount "142"]
[EventDate "2016.??.??"]

1. e4 e6 2. d4 d5 3. Nc3 Nf6 4. Bg5 dxe4 5. Nxe4 Be7 6. Bxf6 Bxf6 7. Nf3 O-O 8.
Bc4 Nd7 9. Qe2 c5 10. O-O-O Qb6 11. g4 Bxd4 12. c3 Bf6 13. Nd6 Nb8 14. g5 Be7
15. Nxc8 Rxc8 16. g6 hxg6 17. Ne5 Re8 18. h4 Bf6 19. h5 Qc7 20. f4 g5 21. h6 g6
22. Qe4 Bxe5 23. fxe5 Nc6 24. Rde1 Kh7 25. Rhf1 Rf8 26. Rf6 Rae8 27. Bd3 Nxe5
28. Qxe5 Qxe5 29. Rxe5 Kxh6 30. Rxc5 Kg7 31. Rf2 f5 32. Re2 g4 33. Kd2 Kf6 34.
Rce5 Re7 35. Bc4 Rd8+ 36. Ke1 Rd6 37. Kf2 f4 38. Re1 Rd2+ 39. R5e2 Rxe2+ 40.
Bxe2 Kf5 41. Bd3+ Kg5 42. Be4 Rd7 43. b4 b6 44. c4 Rd2+ 45. Re2 Rd4 46. c5 f3
47. Bxf3 gxf3 48. Rc2 bxc5 49. bxc5 Kf4 50. c6 Rd8 51. Rc4+ Ke5 52. Kxf3 Rc8
53. Ke3 Kd5 54. Rg4 Rxc6 55. Rxg6 Rc2 56. a4 Rc4 57. a5 Ra4 58. Rg5+ e5 59. Rg8
Ra3+ 60. Kd2 Rxa5 61. Rg4 Ra2+ 62. Kc3 Ra3+ 63. Kb2 Rd3 64. Ra4 Rd4 65. Rxa7
Rc4 66. Rh7 Kd4 67. Kb3 Rc8 68. Re7 e4 69. Rd7+ Ke3 70. Re7 Kd3 71. Re6 Rb8+
0-1

[Event "BL 1516 SK Norderstedt - Turm Emsdetten"]
[Site "?"]
[Date "2016.02.20"]
[Round "8.7"]
[White "Zumsande, Martin"]
[Black "Zierke, Oliver"]
[Result "1-0"]
[WhiteElo "2465"]
[BlackElo "2242"]
[PlyCount "89"]
[EventDate "2016.??.??"]

1. e4 c5 2. c3 d5 3. exd5 Qxd5 4. d4 e6 5. Nf3 cxd4 6. cxd4 Nf6 7. a3 Nc6 8.
Nc3 Qd6 9. Bd3 Be7 10. Be3 O-O 11. O-O b6 12. Qe2 Bb7 13. Rad1 Rad8 14. Bb1
Rfe8 15. Rfe1 Qb8 16. Qc2 g6 17. Ba2 Nd5 18. Nxd5 exd5 19. Ne5 Nxe5 20. dxe5
Bc5 21. Bf4 a5 22. Qd2 Qa8 23. Bg5 Be7 24. e6 fxe6 25. Rxe6 Bxg5 26. Rxe8+ Rxe8
27. Qxg5 Qd8 28. Qg3 Qf6 29. h4 Qe5 30. Qf3 Rd8 31. Qb3 Rd6 32. Qc2 Rd7 33. Qd2
Kg7 34. Re1 Qf6 35. h5 gxh5 36. Re3 h4 37. Rf3 Qe5 38. Rf4 Rd6 39. Rxh4 d4 40.
Bb1 d3 41. Bxd3 h6 42. Rg4+ Kh8 43. Rg3 Ba6 44. Qc1 Qc5 45. Qf4 1-0

[Event "BL 1516 SK Norderstedt - Turm Emsdetten"]
[Site "?"]
[Date "2016.02.20"]
[Round "8.8"]
[White "Kahlert, Thomas"]
[Black "Richter, Christian"]
[Result "1/2-1/2"]
[WhiteElo "2187"]
[BlackElo "2362"]
[PlyCount "63"]
[EventDate "2016.??.??"]

1. c4 Nf6 2. Nc3 e5 3. Nf3 Nc6 4. g3 Bb4 5. Bg2 O-O 6. O-O e4 7. Ng5 Bxc3 8.
bxc3 Re8 9. f3 exf3 10. Nxf3 Qe7 11. e3 Ne5 12. Nd4 d6 13. d3 c5 14. Nf5 Bxf5
15. Rxf5 d5 16. cxd5 c4 17. dxc4 Nxc4 18. Qd4 Nxe3 19. Bxe3 Qxe3+ 20. Qxe3 Rxe3
21. c4 Rc8 22. Rc1 Rc5 23. Rf4 Ne8 24. Bf1 Nd6 25. Kf2 Ra3 26. Rc2 Rca5 27. c5
Rxa2 28. Rxa2 Rxa2+ 29. Kg1 Ne8 30. Rb4 b6 31. cxb6 axb6 32. Rxb6 1/2-1/2

[Event "BL 1516 SG Solingen - OSG Baden Baden"]
[Site "?"]
[Date "2016.02.21"]
[Round "9.1"]
[White "Anand, Viswanathan"]
[Black "Harikrishna, Pentala"]
[Result "1/2-1/2"]
[WhiteElo "2784"]
[BlackElo "2753"]
[PlyCount "71"]
[EventDate "2016.??.??"]

1. e4 c5 2. Nf3 e6 3. d4 cxd4 4. Nxd4 Nc6 5. Nc3 Qc7 6. Be3 a6 7. Qd2 Nf6 8. f4
b5 9. e5 b4 10. Ncb5 axb5 11. Nxb5 Qb8 12. exf6 gxf6 13. c4 bxc3 14. bxc3 Ba6
15. Rb1 Be7 16. Rb2 Bxb5 17. Bxb5 Qc7 18. O-O O-O 19. c4 Ra3 20. Bf2 Rd8 21.
Rc1 Na7 22. Rb3 Rxb3 23. axb3 Bc5 24. Ba4 Qb6 25. Bxc5 Qxc5+ 26. Kh1 Nc6 27.
Bxc6 Qxc6 28. Qd4 Rb8 29. Rc3 Kf8 30. Qxf6 Qd6 31. Rc1 Rxb3 32. f5 Qf4 33. Ra1
Kg8 34. h3 Rb8 35. Rd1 exf5 36. Qd6 1/2-1/2